000 00348nam a2200133Ia 4500
008 231129s9999||||xx |||||||||||||| ||spa||
020 _a84-7291-659-6
040 _bspa
082 _a195 G158e
100 _aGalileo Galilei
245 0 _aEl ensayador
264 _aMadrid (EspaƱa): Sarpe
942 _2ddc
_cBKS
999 _c10973
_d10973